Trains

Bibliographic Details
Format: Book
Published: London : Grandreams , 2004
Subjects:

MARC

LEADER 00000cam a2200000 7i4500
001 0000007686
005 20220105104031.0
008 070905
020 |a 0746057830 
090 0 0 |a JP   |b TRA ENG (7796) 
245 1 0 |a Trains 
260 |a London :   |b Grandreams ,   |c 2004 
500 |a Children age 4-6 years old (yellow) 
650 0 |a Transportation   |x Juvenile literature 
999 |a 0000990917   |b Book   |c Children Collection   |e Perbadanan Perpustakaan Awam Johor